Catálogo

El bicentenario de la independencia de los países latinoamericanos : (Registro nro. 63786)

Detalles MARC
000 -LEADER
fixed length control field 00882nam a2200253 u 4500
001 - CONTROL NUMBER
control field 63786
005 - DATE AND TIME OF LATEST TRANSACTION
control field 20180714070349.0
008 - FIXED-LENGTH DATA ELEMENTS--GENERAL INFORMATION
fixed length control field 151215s2011 sp r 000 0 spa d
020 ## - INTERNATIONAL STANDARD BOOK NUMBER
International Standard Book Number 9788499200910
041 ## - LANGUAGE CODE
Language code of text/sound track or separate title spa
082 0# - DEWEY DECIMAL CLASSIFICATION NUMBER
Classification number 980
Item number GUZ
100 1# - MAIN ENTRY--PERSONAL NAME
Personal name Carriquiry, Guzmán,
Relator term autor
245 13 - TITLE STATEMENT
Title El bicentenario de la independencia de los países latinoamericanos :
Remainder of title ayer y hoy /
Statement of responsibility, etc. Guzmán Carriquiry; prólogo del cardenal Jorge Mario Bergoglio.
250 ## - EDITION STATEMENT
Edition statement Primera edición
264 #1 - PRODUCTION, PUBLICATION, DISTRIBUTION, MANUFACTURE, AND COPYRIGHT NOTICE
Place of production, publication, distribution, manufacture España :
Name of producer, publisher, distributor, manufacturer Ediciones Encuentro,
Date of production, publication, distribution, manufacture, or copyright notice 2011
300 ## - PHYSICAL DESCRIPTION
Extent 132 páginas ;
Dimensions 18 cm.
336 ## - CONTENT TYPE
Content type term texto
Source rdacontent
337 ## - MEDIA TYPE
Media type term sin mediación
Source rdamedia
338 ## - CARRIER TYPE
Carrier type term volumen
Source rdacarrier
490 0# - SERIES STATEMENT
Series statement Libros de bolsillo
Volume/sequential designation 87
650 #4 - SUBJECT ADDED ENTRY--TOPICAL TERM
Topical term or geographic name entry element Latinoamerica
General subdivision Historia
650 #4 - SUBJECT ADDED ENTRY--TOPICAL TERM
Topical term or geographic name entry element Guerra de independencia, 1806-1830
700 1# - ADDED ENTRY--PERSONAL NAME
Personal name Bergoglio, Jorge Mario
Relator term prologuista
Existencias
Withdrawn status Lost status Source of classification or shelving scheme Damaged status Not for loan Collection code Home library Current library Shelving location Date acquired Source of acquisition Inventory number Total Checkouts Full call number Barcode Date last seen Date last checked out Price effective from Koha item type
    Dewey Decimal Classification     General Biblioteca Karol Wojtyla Biblioteca Karol Wojtyla Sala general 15/12/2015 Compra 151000000000000000038379   980 CAR 2011 94894 05/01/2026 30/01/2018 15/12/2015 Libro